| 000 | 00663nam a2200217 i 4500 | ||
|---|---|---|---|
| 001 | 101968 | ||
| 003 | ES-MaACL | ||
| 005 | 20250824211723.0 | ||
| 007 | t| | ||
| 008 | 051028s1965 sp ||||1| spa d | ||
| 100 | 1 |
_aMéndez-Leite, Fernando. _980158 |
|
| 245 | 1 | 0 |
_aHistoria del cine español / _cFernando Méndez-Leite. |
| 260 |
_aMadrid : _bRialp, _c1965. |
||
| 300 |
_a2 v., 86 lám. ; _c22 cm. |
||
| 490 | 1 | _aLibros de cine Rialp | |
| 650 |
_aCine- _zEspaña- _vHistoria. _9171028 |
||
| 830 | 0 | 0 |
_aLibros de cine Rialp _9181163 |
| 852 |
_aES-MaACL _jC-27446-7 _bR.56312 |
||
| 852 |
_aES-MaACL _jL-8178-9 _bR.108419 |
||
| 999 |
_c101968 _d101968 |
||